| 000 | 01012ngm a22003970a 4500 | ||
|---|---|---|---|
| 001 | PT19339 | ||
| 003 | AR-LpoUNG | ||
| 005 | 20210202000304.0 | ||
| 007 | vd cvaizq | ||
| 008 | 191001s1983||||ag |||||||||||||||||spa d | ||
| 037 | _c$16.63 | ||
| 040 |
_aAR-LpoUNG _bspa _cAR-LpoUNG _eaacr |
||
| 041 | _aspa | ||
| 044 | _aag | ||
| 082 | 0 | _a982.065 391mal | |
| 100 | 1 |
_aDenti, Jorge _edir. |
|
| 245 | 1 | 0 | _aMalvinas, historia de traiciones |
| 260 |
_aBuenos Aires : _bElebe, _c1983. |
||
| 300 | _aVHS (85 min.) : son., col. | ||
| 505 | 0 | _aGuión: Alberto Adellach, Irene Selser. | |
| 650 | 4 | _aARGENTINA | |
| 650 | 4 | _aDICTADURA | |
| 650 | 4 | _aFUERZAS ARMADAS | |
| 650 | 4 | _aGOBIERNO MILITAR | |
| 650 | 4 | _aGRAN BRETAÑA | |
| 650 | 4 | _aGUERRA | |
| 650 | 4 | _aIMPERIALISMO | |
| 650 | 4 | _aPOLITICA INTERNACIONAL | |
| 653 | _aBELICO | ||
| 653 | _aGALTIERI, LEOPOLDO F. | ||
| 653 | _aMALVINAS ARGENTINAS | ||
| 653 | _aTATCHER, MARGARET | ||
| 653 | _aVIDEOS | ||
| 905 | _a19339 | ||
| 942 | _cVIDEO | ||
| 999 |
_c54534 _d54534 |
||